Statistics for Countries without the Letter A

Click here to take the quiz!

General Stats

  • This quiz has been taken 5,206 times
  • The average score is 20 of 31

Answer Stats

ContinentCountry% Correct
EuropeSweden
83%
South AmericaChile
81%
South AmericaPeru
80%
AfricaEgypt
78%
EuropeBelgium
77%
EuropeGreece
77%
North AmericaMexico
77%
OceaniaFiji
74%
AfricaMorocco
71%
EuropeLuxembourg
70%
EuropeUnited Kingdom
70%
AsiaTurkey
69%
AsiaYemen
69%
AfricaTogo
68%
North AmericaBelize
67%
AfricaBenin
65%
EuropeKosovo
65%
AsiaCyprus
64%
AfricaNiger
64%
EuropeLiechtenstein
62%
AfricaDjibouti
61%
AfricaLesotho
60%
AfricaRepublic of the Congo
57%
AfricaBurundi
56%
AsiaBrunei
55%
AfricaComoros
55%
EuropeCzech Republic
55%
EuropeMontenegro
55%
AfricaSeychelles
53%
AsiaPhilippines
52%
AfricaCote d'Ivoire
25%

Score Distribution

Percentile by Number Answered

Percent of People with Each Score

Your Score History

You have not taken this quiz